Los derechos laborales en la nueva Ley de Extranjería. Un estudio comparado de las Leyes Orgánicas 7/1985, 4/2000 y 8/2000 a la luz del nuevo Reglamento sobre extranjería (Registro nro. 33017)
[ vista simple ]
| 000 -CABECERA | |
|---|---|
| Longitud fija campo de control | 01144naa a2200289 c 4500 |
| 001 - NÚMERO DE CONTROL | |
| Número de control | 33017 |
| 003 - IDENTIFICADOR DE NÚMERO DE CONTROL | |
| Identificador del número de control | ES-MaCES |
| 005 - FECHA Y HORA DE LA ÚLTIMA TRANSACCIÓN | |
| Fecha y hora de la última transacción | 20021009172000.0 |
| 008 - CAMPO FIJO DE DESCRIPCIÓN FIJA--INFORMACIÓN GENERAL | |
| Códigos de información de longitud fija | 021008n2002 sp t 000 | spa d |
| 035 ## - NÚMERO DE CONTROL DEL SISTEMA | |
| Número de control del sistema | CES20020005139v |
| 040 ## - FUENTE DE CATALOGACIÓN | |
| Centro catalogador de origen | ES-MaCES |
| Lengua de catalogación | spa |
| Centro transcriptor | ES-MaCES |
| 100 1# - ENCABEZAMIENTO PRINCIPAL--NOMBRE PERSONAL | |
| Nombre de persona | Serrano Argüeso, Mariola |
| 9 (RLIN) | 23908 |
| 245 14 - MENCIÓN DE TÍTULO | |
| Título | Los derechos laborales en la nueva Ley de Extranjería. Un estudio comparado de las Leyes Orgánicas 7/1985, 4/2000 y 8/2000 a la luz del nuevo Reglamento sobre extranjería |
| Mención de responsabilidad, etc. | Mariola Serrano Argüeso |
| 504 ## - NOTA DE BIBLIOGRAFÍA, ETC. | |
| Nota de bibliografía, etc. | Bibliografía: p. 403 |
| 650 #4 - ASIENTO SECUNDARIO DE MATERIA--TÉRMINO DE MATERIA | |
| Término de materia o nombre geográfico como elemento inicial | legislación |
| 9 (RLIN) | 27153 |
| 650 #4 - ASIENTO SECUNDARIO DE MATERIA--TÉRMINO DE MATERIA | |
| Término de materia o nombre geográfico como elemento inicial | empleo |
| 9 (RLIN) | 28299 |
| 650 #4 - ASIENTO SECUNDARIO DE MATERIA--TÉRMINO DE MATERIA | |
| Término de materia o nombre geográfico como elemento inicial | trabajador migrante |
| 9 (RLIN) | 28408 |
| 650 #4 - ASIENTO SECUNDARIO DE MATERIA--TÉRMINO DE MATERIA | |
| Término de materia o nombre geográfico como elemento inicial | permiso de trabajo |
| 9 (RLIN) | 29013 |
| 650 #4 - ASIENTO SECUNDARIO DE MATERIA--TÉRMINO DE MATERIA | |
| Término de materia o nombre geográfico como elemento inicial | derecho del trabajo |
| 9 (RLIN) | 27165 |
| 650 #4 - ASIENTO SECUNDARIO DE MATERIA--TÉRMINO DE MATERIA | |
| Término de materia o nombre geográfico como elemento inicial | inmigración ilegal |
| 9 (RLIN) | 30619 |
| 650 #4 - ASIENTO SECUNDARIO DE MATERIA--TÉRMINO DE MATERIA | |
| Término de materia o nombre geográfico como elemento inicial | inmigración |
| 9 (RLIN) | 28632 |
| 653 10 - TÉRMINO DE INDEXACIÓN--NO CONTROLADO | |
| Término no controlado | Derecho del trabajo y Seguridad Social |
| 773 0# - ENTRADA DE DOCUMENTO FUENTE | |
| Título | Revista española de Derecho del trabajo |
| Parte(s) relacionada(s) | n. 111 (mayo-jun. 2002){10040 R. 048092}; p. 377-403 |
| Número de control del registro relacionado | (ES-MaCES)25060 |
| Itemnumber del ítem fuente | 32354 |
| 902 ## - CES. TIPO DE DOCUMENTO | |
| Tipodoc (006$c Sirtex) | ART Artículo de revista |
| 942 ## - ELEMENTOS KOHA | |
| Fuente de clasificaión o esquema | Clasificación propia del CES |
| Koha [por defecto] tipo de item | Artículos (1982-2017) |
| Parte de clasificación | 6.0.1. |
No hay ítems disponibles.
